Vplyv energetickej krízy na podnikanie vybraného výrobného podniku bakalárska práca

Gespeichert in:
Bibliographische Detailangaben
1. Verfasser: Hornyák, Michal
Körperschaft: Fakulta podnikového manažmentu EU. Katedra podnikovohospodárska
Weitere Verfasser: Gajdová, Denisa, 1977-
Format: Buch
Sprache:Slowakisch
Veröffentlicht: Bratislava 2024
Tags: Tag hinzufügen
Keine Tags, Fügen Sie das erste Tag hinzu!

MARC

LEADER 00000nbm a2200000 4500
001 0301857
005 20250205143626.9
041 0 |a slo 
044 |a SK 
245 1 0 |a Vplyv energetickej krízy na podnikanie vybraného výrobného podniku  |b bakalárska práca  |c Michal Hornyák ; školiteľ: Denisa Gajdová 
264 1 |a Bratislava  |c 2024 
300 |a 51 s. 
100 1 |a Hornyák, Michal 
700 1 |a Gajdová, Denisa, 1977- 
710 2 |a Fakulta podnikového manažmentu EU. Katedra podnikovohospodárska